[Event "Imre Konig Memorial g/45"]
[Site "San Francisco"]
[Date "2006.04.15"]
[Round "2"]
[White "Cusi, Ronald"]
[Black "Salinas, Chad"]
[Result "1/2-1/2"]
[WhiteElo "2338"]
[BlackElo "1944"]
[PlyCount "64"]
[EventDate "2006.04.15"]
[EventType "swiss (rapid)"]
[EventRounds "5"]
[EventCountry "USA"]
[SourceTitle "EXT 2007"]
[Source "ChessBase"]
[SourceDate "2006.11.23"]
[SourceVersion "1"]
[SourceVersionDate "2006.11.23"]
[SourceQuality "1"]

1. c4 e6 2. g3 d5 3. Bg2 c5 4. Nf3 Nc6 5. 0-0 Nf6 6. cxd5 exd5 7. d4 Be7 8. Nc3 0-0 9. Bg5 cxd4 10. Nxd4 h6 11. Be3 Re8 12. Rc1 Bf8 13. Nxc6 bxc6 14. Na4 Bd7 15. Bc5 Bxc5 16. Nxc5 Bg4 17. Re1 Qa5 18. Qc2 Rac8 19. e3 Bh5 20. Qa4 Qb6 21. Qd4 Qa5 22. a3 Bg4 23. b4 Qb6 24. Rc3 a5 25. Nb3 Qxd4 26. Nxd4 axb4 27. axb4 Bd7 28. Rb1 Red8 29. f3 Ne8 30. Bf1 Rc7 31. Rbc1 Rb7 32. Rb3 Rb6 1/2-1/2

[Event "Chicago op 12th"]
[Site "Chicago"]
[Date "2003.05.25"]
[Round "4"]
[White "Cusi, Ronald"]
[Black "Yermolinsky, Alex"]
[Result "0-1"]
[WhiteElo "2346"]
[BlackElo "2552"]
[PlyCount "86"]
[EventDate "2003.05.23"]
[EventType "swiss"]
[EventRounds "7"]
[EventCountry "USA"]
[SourceTitle "CBM 094 Extra"]
[Source "ChessBase"]
[SourceDate "2003.07.09"]
[SourceVersion "2"]
[SourceVersionDate "2003.07.09"]
[SourceQuality "1"]

1. d4 Nf6 2. c4 g6 3. Nc3 d5 4. e3 Bg7 5. Bd2 0-0 6. Rc1 c5 7. dxc5 Na6 8. cxd5 Nxc5 9. Bc4 Bf5 10. Nge2 Bd3 11. Bb3 Ba6 12. 0-0 Rc8 13. Rb1 Qd6 14. a3 Ng4 15. g3 Nxb3 16. Qxb3 Bxc3 17. Nxc3 Bxf1 18. Rxf1 Ne5 19. Kg2 Qf6 20. f4 Nc4 21. Bc1 Qb6 22. Qxb6 axb6 23. a4 f5 24. Rd1 Nd6 25. Rd4 Rc4 26. Rd3 Ne4 27. Bd2 Rfc8 28. Bc1 Nc5 29. Rd1 Rb4 30. Rd2 Nxa4 31. Nxa4 Rxa4 32. d6 Rd8 33. dxe7 Rxd2+ 34. Bxd2 Kf7 35. Bc3 Kxe7 36. Kf3 Ke6 37. g4 Kd5 38. gxf5 gxf5 39. h4 h5 40. Bf6 Ra1 41. Bd8 Rf1+ 42. Ke2 Rb1 43. Bf6 Ke4 0-1

[Event "Chicago op 12th"]
[Site "Chicago"]
[Date "2003.05.24"]
[Round "3"]
[White "Serper, Grigory"]
[Black "Cusi, Ronald"]
[Result "1/2-1/2"]
[WhiteElo "2541"]
[BlackElo "2346"]
[PlyCount "82"]
[EventDate "2003.05.23"]
[EventType "swiss"]
[EventRounds "7"]
[EventCountry "USA"]
[SourceTitle "CBM 094 Extra"]
[Source "ChessBase"]
[SourceDate "2003.07.09"]
[SourceVersion "2"]
[SourceVersionDate "2003.07.09"]
[SourceQuality "1"]

1. d4 d5 2. c4 c6 3. Nf3 Nf6 4. e3 a6 5. Bd3 Bg4 6. Nbd2 Nbd7 7. b3 e6 8. Bb2 Be7 9. Qc2 Bh5 10. 0-0 Bg6 11. Bxg6 hxg6 12. e4 dxe4 13. Nxe4 Qa5 14. Rfe1 Nxe4 15. Qxe4 Nf6 16. Qe5 Qxe5 17. Nxe5 0-0 18. Bc3 a5 19. a4 Rfd8 20. Rad1 Nd7 21. Kf1 Nxe5 22. Rxe5 b6 23. Re3 Kf8 24. Ke2 Bf6 25. Red3 Ke7 26. Kd2 Rd7 27. Kc2 Kd8 28. Bd2 Kc7 29. Be3 Rad8 30. h3 Be7 31. Bf4+ Kb7 32. Be3 Bf6 33. R1d2 Be7 34. Rd1 Bf6 35. R3d2 Be7 36. f3 Bf6 37. Rd3 Bh4 38. R1d2 Be7 39. Bf2 Bf6 40. Be3 Ka6 41. Bg1 Kb7 1/2-1/2

[Event "Falconer International Team"]
[Site "San Francisco"]
[Date "1999.03.15"]
[Round "4"]
[White "Watson, John L"]
[Black "Cusi, Ronald"]
[Result "1-0"]
[WhiteElo "2357"]
[BlackElo "2375"]
[PlyCount "64"]
[EventDate "1999.03.12"]
[EventType "schev"]
[EventRounds "5"]
[EventCountry "USA"]
[SourceTitle "CBM 069 Extra"]
[Source "ChessBase"]
[SourceDate "1999.05.10"]
[SourceVersion "1"]
[SourceVersionDate "1999.05.10"]
[SourceQuality "1"]

1. d4 d5 2. c4 c6 3. Nf3 Nf6 4. Nc3 e6 5. Bg5 h6 6. Bh4 dxc4 7. e4 g5 8. Bg3 b5 9. Qc2 Nbd7 10. Be2 Bb7 11. Rd1 Qb6 12. h4 Nh5 13. Be5 Nxe5 14. Nxe5 Nf4 15. hxg5 Nxg2+ 16. Kf1 Nf4 17. Rh4 Nxe2 18. Qxe2 Bg7 19. gxh6 Bxe5 20. dxe5 Rd8 21. Qg4 Rxd1+ 22. Nxd1 Qd8 23. Ne3 Kd7 24. Qd1+ Ke7 25. Qxd8+ Kxd8 26. Ng4 b4 27. Ke1 a5 28. Nf6 a4 29. Kd1 c5 30. h7 Ke7 31. Rg4 Rd8+ 32. Kc1 Rb8 1-0

[Event "Falconer International Team"]
[Site "San Francisco"]
[Date "1999.03.14"]
[Round "3"]
[White "Cusi, Ronald"]
[Black "Yoos, John C"]
[Result "1-0"]
[WhiteElo "2375"]
[BlackElo "2291"]
[PlyCount "121"]
[EventDate "1999.03.12"]
[EventType "schev"]
[EventRounds "5"]
[EventCountry "USA"]
[SourceTitle "CBM 069 Extra"]
[Source "ChessBase"]
[SourceDate "1999.05.10"]
[SourceVersion "1"]
[SourceVersionDate "1999.05.10"]
[SourceQuality "1"]

1. c4 g6 2. g3 Bg7 3. Bg2 e5 4. Nc3 Nc6 5. Rb1 a5 6. a3 d6 7. b4 axb4 8. axb4 f5 9. b5 Nce7 10. Qb3 Nf6 11. d3 0-0 12. Nf3 h6 13. 0-0 Be6 14. Ba3 g5 15. Nd2 Rb8 16. Nd5 b6 17. Bb2 Nd7 18. Nxe7+ Qxe7 19. Ra1 Nc5 20. Qc2 Rf7 21. e3 f4 22. d4 Nd7 23. Ra7 Rc8 24. d5 Bf5 25. e4 Bg6 26. Bh3 fxg3 27. fxg3 Rxf1+ 28. Nxf1 h5 29. Be6+ Bf7 30. Bf5 Qe8 31. Bc1 Bf6 32. Qf2 Kg7 33. Be3 Rb8 34. Bxd7 Qxd7 35. Bxb6 Rc8 36. Ne3 Bg6 37. Nf5+ Bxf5 38. Qxf5 Qxf5 39. exf5 Bd8 40. Be3 Kf6 41. Ra1 Kxf5 42. Kf2 Bf6 43. Ra7 e4 44. Kg2 Bc3 45. Ra3 Bb4 46. Ra6 Ke5 47. Rc6 Ba5 48. b6 Rb8 49. bxc7 Rc8 50. Ra6 Bc3 51. c5 Rxc7 52. Rxd6 Bb4 53. Rc6 Rxc6 54. dxc6 Ba5 55. Bd2 Bc7 56. Bxg5 Kd5 57. Bf4 Bxf4 58. gxf4 Kxc6 59. Kf2 Kxc5 60. Ke3 Kd5 61. h4 1-0

[Event "Koltanowski Team Match"]
[Site "San Francisco"]
[Date "1999.02.06"]
[Round "5"]
[White "Cusi, Ronald"]
[Black "Ziatdinov, Raset"]
[Result "0-1"]
[WhiteElo "2375"]
[BlackElo "2511"]
[PlyCount "92"]
[EventDate "1999.02.02"]
[EventType "schev"]
[EventRounds "9"]
[EventCountry "USA"]
[SourceTitle "CBM 068 Extra"]
[Source "ChessBase"]
[SourceDate "1999.03.01"]
[SourceVersion "1"]
[SourceVersionDate "1999.03.01"]
[SourceQuality "1"]

1. d4 d5 2. c4 e6 3. Nf3 Nf6 4. g3 Be7 5. Bg2 0-0 6. 0-0 c6 7. Nc3 b6 8. b3 Ba6 9. Qd3 Nbd7 10. Bb2 Rc8 11. Rfd1 Qc7 12. Rac1 Rfd8 13. e4 Qb7 14. e5 Ne8 15. Bf1 c5 16. Nb5 dxc4 17. bxc4 cxd4 18. Bxd4 Qa8 19. Qe3 Bb7 20. Nd2 Nc5 21. Nc3 Rc7 22. Nb3 Nxb3 23. axb3 Rcd7 24. Rd3 Nc7 25. Rcd1 Na6 26. Nb5 Nc5 27. Bxc5 Bxc5 28. Qf4 Rxd3 29. Rxd3 Rxd3 30. Bxd3 Bh1 31. Bf1 a5 32. Nd6 Qf3 33. Qxf7+ Qxf7 34. Nxf7 Be4 35. Ng5 Bc2 36. Nxe6 Bxb3 37. Nf4 a4 38. Nd3 a3 39. Nc1 Bc2 40. e6 Kf8 41. Kg2 Ke7 42. Kf3 Bb1 43. Kf4 a2 44. Nb3 Bd4 45. Bh3 Bf6 46. Bf5 g5+ 0-1

[Event "Koltanowski Team Match"]
[Site "San Francisco"]
[Date "1999.02.04"]
[Round "3"]
[White "Cusi, Ronald"]
[Black "Berry, Jonathan"]
[Result "1-0"]
[WhiteElo "2375"]
[BlackElo "2315"]
[PlyCount "79"]
[EventDate "1999.02.02"]
[EventType "schev"]
[EventRounds "9"]
[EventCountry "USA"]
[SourceTitle "CBM 068 Extra"]
[Source "ChessBase"]
[SourceDate "1999.03.01"]
[SourceVersion "1"]
[SourceVersionDate "1999.03.01"]
[SourceQuality "1"]

1. c4 Nf6 2. Nc3 e6 3. Nf3 d5 4. d4 Be7 5. Bg5 0-0 6. e3 b6 7. Rc1 Bb7 8. cxd5 exd5 9. Bxf6 Bxf6 10. b4 c5 11. bxc5 bxc5 12. dxc5 Nd7 13. c6 Bxc6 14. Nd4 Bb7 15. Be2 Ne5 16. 0-0 g6 17. Qa4 a6 18. Rfd1 Qd6 19. Nb3 Rad8 20. Ne4 Qe7 21. Nxf6+ Qxf6 22. Nc5 Bc8 23. Nxa6 Ng4 24. Bxg4 Bxa6 25. Rc6 Rd6 26. Rxd6 Qxd6 27. Bf3 Bb7 28. e4 Ra8 29. Qb3 Bc6 30. Qb6 Rb8 31. Qd4 Rb4 32. Qd2 Ba4 33. Rc1 d4 34. g3 d3 35. e5 Qd4 36. Rc3 Bc2 37. Kg2 Qxe5 38. Rxd3 Bxd3 39. Qxb4 Qe1 40. Qxe1 1-0

[Event "Max Wilkerson"]
[Site "San Francisco"]
[Date "1998.11.22"]
[Round "4"]
[White "Baker, Jonathan"]
[Black "Cusi, Ronald"]
[Result "1/2-1/2"]
[WhiteElo "2135"]
[BlackElo "2355"]
[PlyCount "103"]
[EventDate "1998.11.18"]
[EventType "tourn"]
[EventRounds "11"]
[EventCountry "USA"]
[EventCategory "2"]
[SourceTitle "CBM 067 Extra"]
[Source "ChessBase"]
[SourceDate "1999.01.01"]
[SourceVersion "1"]
[SourceVersionDate "1999.01.01"]
[SourceQuality "1"]

1. e4 c5 2. Nf3 Nc6 3. d4 cxd4 4. Nxd4 e5 5. Nb5 d6 6. c4 Be7 7. N1c3 a6 8. Na3 Be6 9. Be2 Bg5 10. 0-0 Bxc1 11. Rxc1 Nge7 12. Qd2 Nd4 13. Bd3 Rc8 14. b3 0-0 15. Nc2 Nxc2 16. Rxc2 Nc6 17. Ne2 Qb6 18. Kh1 Rfd8 19. Rc3 Nd4 20. Nxd4 Qxd4 21. Rfc1 Rc6 22. a4 b6 23. h3 Rdc8 24. R3c2 g6 25. Qe2 Qc5 26. Rd1 Kg7 27. Rcd2 Qb4 28. Rb2 Rb8 29. Qd2 Qxd2 30. Rbxd2 Kf6 31. Bf1 Ke7 32. g3 Rd8 33. Ra1 Rc5 34. Kg2 f5 35. f3 fxe4 36. fxe4 Rf8 37. Be2 h5 38. a5 bxa5 39. Rda2 Rb8 40. Bd1 Rb6 41. Rxa5 Rxa5 42. Rxa5 Rc6 43. h4 Bg4 44. Bc2 Kd8 45. Kf2 Bc8 46. Ke3 Rc7 47. Rd5 Ke7 48. Rd1 a5 49. Ra1 Rc5 50. Bd1 Bd7 51. Be2 Be6 52. Kf2 1/2-1/2

[Event "Max Wilkerson"]
[Site "San Francisco"]
[Date "1998.11.19"]
[Round "2"]
[White "Vucic, Mladen"]
[Black "Cusi, Ronald"]
[Result "1/2-1/2"]
[WhiteElo "2385"]
[BlackElo "2355"]
[PlyCount "30"]
[EventDate "1998.11.18"]
[EventType "tourn"]
[EventRounds "11"]
[EventCountry "USA"]
[EventCategory "2"]
[SourceTitle "CBM 067 Extra"]
[Source "ChessBase"]
[SourceDate "1999.01.01"]
[SourceVersion "1"]
[SourceVersionDate "1999.01.01"]
[SourceQuality "1"]

1. e4 c6 2. d4 d5 3. Nc3 dxe4 4. Nxe4 Bf5 5. Ng3 Bg6 6. Nf3 Nd7 7. h4 h6 8. h5 Bh7 9. Bd3 Bxd3 10. Qxd3 e6 11. Bd2 Ngf6 12. 0-0-0 Qc7 13. Kb1 Bd6 14. Ne4 Nxe4 15. Qxe4 Nf6 1/2-1/2

[Event "San Francisco Linklater"]
[Site "San Francisco"]
[Date "1998.??.??"]
[Round "6"]
[White "Cusi, Ronald"]
[Black "Mar, Craig"]
[Result "1/2-1/2"]
[WhiteElo "2375"]
[BlackElo "2420"]
[PlyCount "71"]
[EventDate "1998.02.03"]
[EventType "tourn"]
[EventRounds "9"]
[EventCountry "USA"]
[EventCategory "5"]
[SourceTitle "CBM 063 Extra"]
[Source "ChessBase"]
[SourceDate "1998.04.29"]
[SourceVersion "1"]
[SourceVersionDate "1998.04.29"]
[SourceQuality "1"]

1. c4 Nf6 2. Nf3 g6 3. g3 Bg7 4. Bg2 0-0 5. 0-0 d6 6. d4 c6 7. Nc3 Nbd7 8. e4 e5 9. h3 a6 10. Re1 Rb8 11. Be3 Re8 12. Qc2 exd4 13. Nxd4 c5 14. Nde2 b5 15. Rad1 b4 16. Nd5 Nxd5 17. Rxd5 Rb6 18. Red1 Qe7 19. R5d2 Ne5 20. Nf4 Be6 21. b3 Nc6 22. Nd5 Bxd5 23. exd5 Nd4 24. Bxd4 Bxd4 25. Bf3 Qg5 26. Kg2 Rb7 27. Re2 Rxe2 28. Qxe2 Re7 29. Qd2 Qf6 30. h4 h5 31. Qc2 a5 32. Rd2 Re5 33. Re2 Qe7 34. Qd2 Rxe2 35. Qxe2 Qxe2 36. Bxe2 1/2-1/2

[Event "LERA Memorial Day op 32nd"]
[Site "California"]
[Date "1998.??.??"]
[Round "?"]
[White "Schiller, Eric Andrew"]
[Black "Cusi, Ronald"]
[Result "0-1"]
[WhiteElo "2205"]
[BlackElo "2375"]
[PlyCount "46"]
[EventDate "1998.05.23"]
[EventType "swiss"]
[EventRounds "6"]
[EventCountry "USA"]
[SourceTitle "EXT 2024"]
[Source "ChessBase"]
[SourceDate "2023.10.10"]
[SourceVersion "1"]
[SourceVersionDate "2023.10.10"]
[SourceQuality "1"]

1. Nf3 d5 2. c4 c6 3. b3 Nf6 4. Bb2 Bg4 5. d3 Bxf3 6. gxf3 Nbd7 7. e4 e5 8. Bh3 Bb4+ 9. Nd2 dxe4 10. dxe4 Nc5 11. Bf1 Nd3+ 12. Bxd3 Qxd3 13. Qe2 Bxd2+ 14. Qxd2 Qxf3 15. Rg1 Qxe4+ 16. Qe2 0-0 17. Qxe4 Nxe4 18. f4 Rad8 19. fxe5 Rd2 20. e6 Rxb2 21. e7 Re8 22. 0-0-0 Re2 23. Rd8 Nf6 0-1

[Event "San Francisco Linklater"]
[Site "San Francisco"]
[Date "1998.??.??"]
[Round "1"]
[White "Zilberstein, Dmitry"]
[Black "Cusi, Ronald"]
[Result "0-1"]
[WhiteElo "2310"]
[BlackElo "2375"]
[PlyCount "80"]
[EventDate "1998.02.03"]
[EventType "tourn"]
[EventRounds "9"]
[EventCountry "USA"]
[EventCategory "5"]
[SourceTitle "CBM 063 Extra"]
[Source "ChessBase"]
[SourceDate "1998.04.29"]
[SourceVersion "1"]
[SourceVersionDate "1998.04.29"]
[SourceQuality "1"]

1. d4 c5 2. d5 Nf6 3. Nc3 d6 4. e4 g6 5. f4 Bg7 6. Nf3 0-0 7. a4 Na6 8. Be2 Rb8 9. 0-0 Nb4 10. Nd2 e6 11. Nc4 exd5 12. exd5 Ne8 13. Kh1 b6 14. Bf3 a6 15. Ne4 Nxd5 16. Qxd5 Be6 17. Qd3 d5 18. Ncd2 dxe4 19. Qxd8 Rxd8 20. Nxe4 a5 21. Be3 Nd6 22. Nxd6 Rxd6 23. Rad1 Rxd1 24. Rxd1 Bxb2 25. Rb1 Bd4 26. Bxd4 cxd4 27. Rxb6 Rc8 28. Be4 Rc4 29. h3 Rxa4 30. Rb8+ Kg7 31. Rd8 h5 32. Kh2 Kf6 33. Kg3 Ke7 34. Ra8 Ra1 35. Bc6 Bf5 36. Re8+ Kd6 37. Bb5 Bxc2 38. Rd8+ Kc5 39. Rc8+ Kxb5 40. Rxc2 d3 0-1

[Event "California-ch"]
[Site "California"]
[Date "1997.??.??"]
[Round "?"]
[White "Cusi, Ronald"]
[Black "Margulis, Igor"]
[Result "1-0"]
[WhiteElo "2380"]
[BlackElo "2270"]
[PlyCount "65"]
[EventDate "1997.??.??"]
[EventType "tourn"]
[EventRounds "7"]
[EventCountry "USA"]
[SourceTitle "EXT 1999"]
[Source "ChessBase"]
[SourceDate "1998.11.16"]
[SourceVersion "1"]
[SourceVersionDate "1998.11.16"]
[SourceQuality "1"]

1. d4 d6 2. Nf3 g6 3. g3 f5 4. Bg2 Nf6 5. c4 Bg7 6. Nc3 0-0 7. 0-0 Qe8 8. d5 Na6 9. Nd4 Nc5 10. b4 Nce4 11. Bb2 c5 12. dxc6 bxc6 13. b5 Bd7 14. bxc6 Bxc6 15. Nxc6 Qxc6 16. Rc1 e6 17. Nxe4 Nxe4 18. Bxg7 Kxg7 19. Qd4+ e5 20. Qd3 Rab8 21. Rc2 Rb6 22. c5 dxc5 23. Bxe4 Qxe4 24. Qxe4 fxe4 25. Rd1 Rc8 26. Rd7+ Kf6 27. Rxa7 c4 28. Rc3 Rb2 29. Ra4 Rxe2 30. Rcxc4 e3 31. Rxc8 Re1+ 32. Kg2 e2 33. Re4 1-0

[Event "California-ch"]
[Site "California"]
[Date "1997.??.??"]
[Round "?"]
[White "Lobo, Richard"]
[Black "Cusi, Ronald"]
[Result "1/2-1/2"]
[WhiteElo "2335"]
[BlackElo "2380"]
[PlyCount "94"]
[EventDate "1997.??.??"]
[EventType "tourn"]
[EventRounds "7"]
[EventCountry "USA"]
[SourceTitle "EXT 1999"]
[Source "ChessBase"]
[SourceDate "1998.11.16"]
[SourceVersion "1"]
[SourceVersionDate "1998.11.16"]
[SourceQuality "1"]

1. e4 c5 2. Nf3 Nc6 3. d4 cxd4 4. Nxd4 e5 5. Nb5 d6 6. N1c3 a6 7. Na3 b5 8. Nd5 Nf6 9. Bg5 Be7 10. Bxf6 Bxf6 11. c3 Rb8 12. Nc2 Bg5 13. Be2 0-0 14. 0-0 g6 15. Qd3 Be6 16. Rfd1 Qd7 17. Qg3 Bd8 18. Rd2 Kh8 19. Rad1 Qb7 20. Kh1 f5 21. exf5 gxf5 22. f4 Rg8 23. Qh3 e4 24. Nce3 Qf7 25. a3 Rb7 26. Nb4 Nb8 27. Rxd6 Bc7 28. R6d4 Bxf4 29. Rd8 Bc7 30. Rxg8+ Kxg8 31. Rf1 f4 32. Bg4 Rb6 33. Bxe6 Rxe6 34. Nbd5 Be5 35. Ng4 Bd6 36. Nxf4 Bxf4 37. g3 e3 38. gxf4 e2 39. Re1 Qxf4 40. Qg2 Kh8 41. h3 h5 42. Nh2 Qe3 43. Nf3 Re7 44. Rg1 Qe6 45. Ng5 Qc6 46. Nf3 Qe6 47. Ng5 Qc6 1/2-1/2

[Event "San Francisco op"]
[Site "San Francisco"]
[Date "1995.??.??"]
[Round "?"]
[White "Cusi, Ronald"]
[Black "Shaked, Tal"]
[Result "0-1"]
[WhiteElo "2340"]
[BlackElo "2385"]
[PlyCount "53"]
[EventDate "1995.??.??"]
[EventType "game"]
[EventRounds "9"]
[EventCountry "USA"]
[SourceTitle "EXT 1999"]
[Source "ChessBase"]
[SourceDate "1998.11.16"]
[SourceVersion "1"]
[SourceVersionDate "1998.11.16"]
[SourceQuality "1"]

1. c4 g6 2. Nc3 Bg7 3. g3 d6 4. Bg2 e5 5. d3 Nc6 6. e4 h5 7. Nf3 Nd4 8. Nxd4 exd4 9. Ne2 h4 10. 0-0 c6 11. Bd2 Qe7 12. b4 hxg3 13. fxg3 Nf6 14. Bg5 Qe5 15. Bxf6 Bxf6 16. Nf4 Qg5 17. Rf2 Be5 18. Qd2 Qh6 19. Bf3 g5 20. Ne2 Be6 21. a4 Qg7 22. Rc1 f6 23. Rc2 Rh7 24. Qd1 0-0-0 25. Nc1 Qd7 26. b5 c5 27. a5 0-1

[Event "San Francisco op"]
[Site "San Francisco"]
[Date "1995.??.??"]
[Round "?"]
[White "Watson, John L"]
[Black "Cusi, Ronald"]
[Result "1/2-1/2"]
[WhiteElo "2395"]
[BlackElo "2340"]
[PlyCount "74"]
[EventDate "1995.??.??"]
[EventType "game"]
[EventRounds "9"]
[EventCountry "USA"]
[SourceTitle "EXT 1999"]
[Source "ChessBase"]
[SourceDate "1998.11.16"]
[SourceVersion "1"]
[SourceVersionDate "1998.11.16"]
[SourceQuality "1"]

1. d4 c5 2. d5 Nf6 3. c4 b5 4. cxb5 a6 5. f3 g6 6. e4 d6 7. Na3 Bg7 8. Ne2 0-0 9. Nc3 e6 10. Bc4 axb5 11. Naxb5 exd5 12. Nxd5 Nxd5 13. Bxd5 Ra6 14. 0-0 Rb6 15. a4 Ba6 16. Bc4 Nc6 17. Ra2 Nd4 18. Na3 Qa8 19. Bd2 Bxc4 20. Nxc4 Ra6 21. Bc3 f5 22. exf5 Nxf5 23. Bxg7 Kxg7 24. Re1 Re8 25. b3 Nd4 26. Rd2 d5 27. Ne5 Qb7 28. f4 Rb6 29. Re3 Re7 30. Rxd4 cxd4 31. Qxd4 Rb4 32. Nc4+ Kg8 33. Rxe7 Qxe7 34. Qxd5+ Qf7 35. Qd8+ Qf8 36. Qd5+ Qf7 37. Qd8+ Qf8 1/2-1/2

[Event "Northern California-ch"]
[Site "California"]
[Date "1993.??.??"]
[Round "?"]
[White "Rey, Guillermo"]
[Black "Cusi, Ronald"]
[Result "1/2-1/2"]
[WhiteElo "2355"]
[BlackElo "2340"]
[PlyCount "61"]
[EventDate "1993.03.??"]
[EventType "swiss"]
[EventRounds "9"]
[EventCountry "USA"]
[SourceTitle "EXT 2000"]
[Source "ChessBase"]
[SourceDate "1999.11.16"]
[SourceVersion "1"]
[SourceVersionDate "1999.11.16"]
[SourceQuality "1"]

1. d4 d5 2. Nf3 Nf6 3. g3 g6 4. Bg2 Bg7 5. 0-0 0-0 6. c4 c6 7. cxd5 cxd5 8. Nc3 e6 9. Ne5 Nfd7 10. Nxd7 Bxd7 11. Be3 Nc6 12. Qd2 Qe7 13. Rfd1 Rfc8 14. Rac1 b6 15. f4 Na5 16. b3 Qd6 17. Bf2 f5 18. e3 Bf8 19. Be1 Bc6 20. Bf1 Qd7 21. Qb2 Bd6 22. Rc2 Bb7 23. Rdc1 Nc6 24. a3 Qe7 25. Nb5 a6 26. Nxd6 Qxd6 27. b4 Na7 28. a4 Rxc2 29. Rxc2 Rc8 30. Bd2 Rxc2 31. Qxc2 1/2-1/2